000 00685nmm a2200181Ia 4500
008 251105s9999||||xx |||||||||||||||||und||
020 _a9788491331421
041 _aspa
100 _aGordon Romo, Fernanda
245 0 _aLa supervivencia de Caixa Ontinyent durante la crisis financiera 2008-14 :
_b Una organización resiliente a través del ajuste entre cultura y estrategia
264 _a[Madrid, España] :
_bPublicaciones de la Universidad de Valencia (PUV),
_c2018
300 _a88 páginas
650 _aEconomics and Business
700 _aGordon Romo, Fernanda
700 1 _a Iborra Juan, María
856 _uhttps://public.digitaliapublishing.com/a/62514
942 _cCF
999 _c66394
_d66394